[Event "34th European Club Cup 2018"]
[Site "Halkidiki"]
[Date "2018.10.15"]
[Round "4"]
[White "Grandell, Anders"]
[Black "Vanheirzeele, Daniel"]
[Result "1/2-1/2"]
[WhiteElo "2268"]
[BlackElo "2158"]
[Annotator "NA"]
[PlyCount "72"]
[EventDate "2018.10.12"]
[EventType "team-tourn"]
[EventCountry "GRE"]
[SourceTitle "playchess.com"]
[Source "ChessBase"]
[SourceQuality "1"]
[WhiteTeam "Team Viking"]
[BlackTeam "KGSRL"]

1. d4 Nf6 2. c4 e6 3. Nf3 b6 4. g3 Ba6 5. Qc2 Bb4+ 6. Bd2 c5 7. Bxb4 cxb4 8. a3 bxa3 9. Rxa3 O-O 10. Bg2 Qe7 11. O-O Rc8 12. Ne5 d5 13. Nd2 Bb7 14. Rfa1 Nc6 15. Nxc6 Bxc6 16. Rc3 Bb7 17. Rc1 dxc4 18. Bxb7 Qxb7 19. Rxc4 Rd8 20. Rc7 Qd5 21. Nf3 Ne8 22. Rc6 Nd6 23. Qa4 f6 24. Qa6 Rd7 25. h4 h5 26. Qd3 Ne4 27. Qa6 Nd6 28. Qd3 Ne4 29. R6c2 Rad8 30. Qe3 Nd6 31. Qf4 Qe4 32. Qxe4 Nxe4 33. Rc8 Rxc8 34. Rxc8+ Kf7 35. e3 Nd6 36. Ra8 Rc7 1/2-1/2

[Event "34th European Club Cup 2018"]
[Site "Halkidiki"]
[Date "2018.10.15"]
[Round "4"]
[White "Zlatin, Alexander"]
[Black "Friedrich, Norbert"]
[Result "0-1"]
[WhiteElo "2249"]
[BlackElo "2259"]
[Annotator "TA"]
[PlyCount "124"]
[EventDate "2018.10.12"]
[EventType "team-tourn"]
[EventCountry "GRE"]
[SourceTitle "playchess.com"]
[Source "ChessBase"]
[SourceQuality "1"]
[WhiteTeam "Rehovot"]
[BlackTeam "Zurich"]

1. e4 c5 2. c3 d5 3. exd5 Qxd5 4. d4 Nf6 5. Nf3 e6 6. Bd3 Be7 7. O-O O-O 8. Qe2 Nc6 9. Rd1 cxd4 10. cxd4 Nb4 11. Nc3 Qh5 12. Bb1 b6 13. a3 Nbd5 14. Nxd5 Nxd5 15. Be4 Bb7 16. Bd2 Rab8 17. Rac1 Bd6 18. h3 Ne7 19. Bxb7 Rxb7 20. Qe4 Qd5 21. Qxd5 Nxd5 22. Rc6 Rd8 23. Rdc1 f6 24. g3 Kf7 25. Kf1 Ke7 26. Ke2 Kd7 27. R6c2 Rc7 28. Kd3 Rdc8 29. Rxc7+ Rxc7 30. Rxc7+ Kxc7 31. Ne1 b5 32. Ba5+ Kc6 33. Nc2 a6 34. Bd2 Kb6 35. Ne3 Nxe3 36. Bxe3 Kc6 37. g4 Kd5 38. f3 a5 39. h4 a4 40. Bd2 g6 41. h5 gxh5 42. gxh5 Bc7 43. Bb4 Bb6 44. Bc3 Ba7 45. f4 f5 46. b3 axb3 47. Bb2 Bb6 48. Bc3 Bc7 49. Bd2 Bd6 50. Bc1 b2 51. Bxb2 Bxf4 52. Bc3 Bc1 53. Bb4 Bb2 54. Ke3 Bxd4+ 55. Kf4 Bg7 56. Kg5 Ke4 57. h6 Be5 58. Bf8 f4 59. Kg4 f3 60. Kh3 Kf5 61. Bg7 Bf4 62. Bf8 e5 0-1

[Event "34th European Club Cup 2018"]
[Site "Halkidiki"]
[Date "2018.10.15"]
[Round "4"]
[White "Takacs, Laszlo"]
[Black "Brunello, Sabino"]
[Result "1/2-1/2"]
[WhiteElo "2245"]
[BlackElo "2548"]
[Annotator "ChessBase"]
[PlyCount "85"]
[EventDate "2018.10.12"]
[EventType "team-tourn"]
[EventCountry "GRE"]
[SourceTitle "playchess.com"]
[Source "ChessBase"]
[SourceQuality "1"]
[WhiteTeam "Dunajska Streda"]
[BlackTeam "Padova"]

1. e4 c5 2. Nf3 d6 3. d4 cxd4 4. Qxd4 e5 5. Bb5+ Nd7 6. Qd3 a6 7. Bxd7+ Qxd7 8. Nc3 Qc6 9. O-O Be6 10. Rd1 Rc8 11. Bg5 h6 12. Bh4 g5 13. Bg3 Be7 14. Rac1 Nf6 15. Nd5 Bxd5 16. exd5 Qd7 17. Qe2 O-O 18. c4 Rfe8 19. c5 e4 20. c6 bxc6 21. dxc6 Qa7 22. Nd4 d5 23. Be5 Bd8 24. Bxf6 Bxf6 25. Nf5 Re6 26. Nxh6+ Kf8 27. Rxd5 e3 28. Nf5 Rcxc6 29. Rcd1 exf2+ 30. Qxf2 Qxf2+ 31. Kxf2 Bxb2 32. Rd8+ Re8 33. R8d6 Rc4 34. g3 Ra4 35. R1d2 Be5 36. Rd7 Kg8 37. Rb7 Re6 38. Kg2 Kh7 39. h3 Kg6 40. Ne7+ Kg7 41. Nf5+ Kg6 42. Ne7+ Kg7 43. Nf5+ 1/2-1/2

[Event "34th European Club Cup 2018"]
[Site "Halkidiki"]
[Date "2018.10.15"]
[Round "4"]
[White "Valner, Uku"]
[Black "Nikolovski, Nikola"]
[Result "1/2-1/2"]
[WhiteElo "2236"]
[BlackElo "2369"]
[Annotator "TA"]
[PlyCount "120"]
[EventDate "2018.10.12"]
[EventType "team-tourn"]
[EventCountry "GRE"]
[SourceTitle "playchess.com"]
[Source "ChessBase"]
[SourceQuality "1"]
[WhiteTeam "Reval"]
[BlackTeam "Asseco SEE"]

1. e4 c5 2. Nc3 Nc6 3. g3 g6 4. Bg2 Bg7 5. d3 d6 6. Be3 e6 7. Qd2 Rb8 8. Nge2 b5 9. O-O Nd4 10. Nd1 Nxe2+ 11. Qxe2 Ne7 12. Qd2 O-O 13. d4 Qc7 14. dxc5 dxc5 15. f4 Bb7 16. c3 Rfd8 17. Qc2 Qc6 18. Rf2 Rd7 19. Rd2 Rbd8 20. Rxd7 Rxd7 21. Qf2 Rc7 22. a4 a6 23. axb5 axb5 24. Qe2 Bf8 25. Ra5 Rd7 26. c4 bxc4 27. Nc3 Nc8 28. Qxc4 Nd6 29. Qa4 Qxa4 30. Rxa4 Nc8 31. Ra5 Nb6 32. Bf1 Rc7 33. Kf2 f6 34. Rb5 Rc6 35. Na4 Nxa4 36. Rxb7 c4 37. Kf3 Bd6 38. b3 cxb3 39. Rxb3 Kf7 40. Bb5 Nc5 41. Ra3 Rc7 42. Ra8 Nb3 43. Ba4 Rc3 44. Ra7+ Kg8 45. Bxb3 Rxe3+ 46. Kxe3 Bc5+ 47. Kf3 Bxa7 48. f5 gxf5 49. exf5 Kf8 50. fxe6 Ke7 51. Kf4 h6 52. Kf5 Be3 53. Bc4 Bd2 54. Bf1 Bc1 55. h4 Bd2 56. Bh3 Bc1 57. Kg6 Bd2 58. g4 Be3 59. g5 fxg5 60. h5 g4 1/2-1/2

[Event "34th European Club Cup 2018"]
[Site "Halkidiki"]
[Date "2018.10.15"]
[Round "4"]
[White "Matovic, Mihajlo Z"]
[Black "Van Twillert, Laurents"]
[Result "1/2-1/2"]
[WhiteElo "2234"]
[BlackElo "2117"]
[Annotator "TA"]
[PlyCount "66"]
[EventDate "2018.10.12"]
[EventType "team-tourn"]
[EventCountry "GRE"]
[SourceTitle "playchess.com"]
[Source "ChessBase"]
[SourceQuality "1"]
[WhiteTeam "Partizan"]
[BlackTeam "En Passant"]

1. Nf3 d5 2. g3 g6 3. Bg2 Bg7 4. O-O Nf6 5. d4 O-O 6. c4 c6 7. Nbd2 Ne4 8. cxd5 Nxd2 9. Bxd2 cxd5 10. Ne5 Nc6 11. Nxc6 bxc6 12. Bc3 f5 13. e3 a5 14. Qd2 a4 15. Rfc1 Ba6 16. Bb4 Bb5 17. Bf1 Bxf1 18. Kxf1 Qd7 19. Rc5 Rfb8 20. Rac1 Ra6 21. a3 e6 22. Qe2 Qb7 23. R5c3 Kf7 24. h4 h5 25. Qc2 Rc8 26. Qd3 Rb6 27. Qc2 Ra6 28. Qe2 Rb6 29. Kg1 Bf6 30. Qd1 Ra6 31. Qd3 Rb6 32. Qd1 Ra6 33. Qd3 Rb6 1/2-1/2

[Event "34th European Club Cup 2018"]
[Site "Halkidiki"]
[Date "2018.10.15"]
[Round "4"]
[White "Marzano, Carlo"]
[Black "Gibicar, Danijel"]
[Result "1-0"]
[WhiteElo "2233"]
[BlackElo "2279"]
[Annotator "TA"]
[PlyCount "146"]
[EventDate "2018.10.12"]
[EventType "team-tourn"]
[EventCountry "GRE"]
[SourceTitle "playchess.com"]
[Source "ChessBase"]
[SourceQuality "1"]
[WhiteTeam "Lazio ASD"]
[BlackTeam "Echternach"]

1. d4 Nf6 2. c4 e6 3. Nf3 Bb4+ 4. Nbd2 d5 5. a3 Be7 6. Qc2 O-O 7. e3 b6 8. Bd3 Bb7 9. e4 dxe4 10. Nxe4 Nbd7 11. O-O c5 12. Rd1 Qc7 13. Bg5 h6 14. Bh4 Nxe4 15. Bxe7 Rfe8 16. Bxe4 Rxe7 17. d5 exd5 18. Bxd5 Bxd5 19. Rxd5 Nf6 20. Rdd1 Rae8 21. Re1 Ne4 22. Re3 Qf4 23. Rae1 Re6 24. g3 Qg4 25. h3 Qf5 26. Nh4 Qh7 27. Kg2 g5 28. Nf3 Qf5 29. R1e2 Kg7 30. b3 Kg8 31. Ne1 Kf8 32. Qb2 f6 33. Qc2 Re5 34. f3 Nxg3 35. Rxe5 Rxe5 36. Rxe5 Qxe5 37. Nd3 Qd6 38. Nf2 Nh5 39. Qh7 Qg3+ 40. Kf1 Qxf3 41. Qxh6+ Kf7 42. Qh7+ Ke6 43. Qg8+ Ke5 44. Ke1 Kd4 45. Nd1 Nf4 46. Qd8+ Ke5 47. Qc7+ Ke6 48. Qc8+ Kf7 49. Qd7+ Kg6 50. Qe8+ Kf5 51. Qd7+ Ne6 52. Kd2 Qg2+ 53. Kd3 Qe4+ 54. Kc3 Qd4+ 55. Qxd4 Nxd4 56. Ne3+ Ke4 57. Nd5 f5 58. b4 f4 59. Kd2 Nf3+ 60. Ke2 Ng1+ 61. Kf1 Nxh3 62. Kg2 g4 63. bxc5 bxc5 64. Nf6+ Kf5 65. Nd7 f3+ 66. Kh2 Ng5 67. Nxc5 Ne4 68. Nd3 g3+ 69. Kh3 f2 70. Kg2 Nd2 71. Nxf2 gxf2 72. Kxf2 Nxc4 73. Ke2 Ke4 1-0

[Event "34th European Club Cup 2018"]
[Site "Halkidiki"]
[Date "2018.10.15"]
[Round "4"]
[White "Ostergaard, Jens"]
[Black "Gayson, Peter M"]
[Result "1/2-1/2"]
[WhiteElo "2225"]
[BlackElo "2150"]
[Annotator "NA"]
[PlyCount "65"]
[EventDate "2018.10.12"]
[EventType "team-tourn"]
[EventCountry "GRE"]
[SourceTitle "playchess.com"]
[Source "ChessBase"]
[SourceQuality "1"]
[WhiteTeam "Hillerod"]
[BlackTeam "White Rose"]

1. d4 f5 2. Nf3 d6 3. g3 g6 4. Bg2 Bg7 5. O-O Nf6 6. c4 O-O 7. Nc3 Nc6 8. d5 Ne5 9. Nxe5 dxe5 10. e4 fxe4 11. Nxe4 Nxe4 12. Bxe4 Bf5 13. Qe2 Qd7 14. Bd2 Bxe4 15. Qxe4 Qf5 16. Rae1 Rfe8 17. b3 e6 18. dxe6 c6 19. Bc3 Rxe6 20. Kg2 Rae8 21. Re2 Kf7 22. Rd1 Bf6 23. f3 a6 24. Bb4 Rd8 25. Red2 Rxd2+ 26. Rxd2 Qxe4 27. fxe4 Ke8 28. h4 Be7 29. Bc3 Bd6 30. b4 Rf6 31. a4 Bc7 32. c5 Rf7 33. a5 1/2-1/2

[Event "34th European Club Cup 2018"]
[Site "Halkidiki"]
[Date "2018.10.15"]
[Round "4"]
[White "Cumming, Rhys"]
[Black "Klauner, Theid"]
[Result "1-0"]
[WhiteElo "2224"]
[BlackElo "2032"]
[Annotator "TA"]
[PlyCount "59"]
[EventDate "2018.10.12"]
[EventType "team-tourn"]
[EventCountry "GRE"]
[SourceTitle "playchess.com"]
[Source "ChessBase"]
[SourceQuality "1"]
[WhiteTeam "Oldham"]
[BlackTeam "Dudelange"]

1. e4 c5 2. Nf3 Nc6 3. d4 cxd4 4. Nxd4 g6 5. Nc3 Bg7 6. Be3 Nf6 7. Bc4 O-O 8. Bb3 a5 9. O-O a4 10. Nxa4 Nxe4 11. Nb5 d6 12. Qe2 Ra6 13. c4 Nf6 14. Rad1 Be6 15. Nc5 Ra8 16. Nxe6 fxe6 17. Bg5 Qc8 18. Rfe1 Nd8 19. Nd4 e5 20. c5+ e6 21. Nxe6 Nxe6 22. Rxd6 Kh8 23. Rxe6 Qxc5 24. Rxe5 Qd4 25. Rd1 Qb6 26. Re6 Qc5 27. Qe3 Qf5 28. Re5 Qg4 29. h3 Qb4 30. a3 1-0

[Event "34th European Club Cup 2018"]
[Site "Halkidiki"]
[Date "2018.10.15"]
[Round "4"]
[White "Baliasnyj, Timur"]
[Black "Stillger, Bernhard"]
[Result "1/2-1/2"]
[WhiteElo "2216"]
[BlackElo "2265"]
[Annotator "NA"]
[PlyCount "81"]
[EventDate "2018.10.12"]
[EventType "team-tourn"]
[EventCountry "GRE"]
[SourceTitle "playchess.com"]
[Source "ChessBase"]
[SourceQuality "1"]
[WhiteTeam "Overtime"]
[BlackTeam "Eynatten"]

1. Nf3 c5 2. c4 Nc6 3. g3 g6 4. Bg2 Bg7 5. O-O d6 6. Nc3 e6 7. a3 Nge7 8. Rb1 b6 9. b4 O-O 10. Bb2 Bb7 11. Nb5 e5 12. Ng5 a6 13. Nc3 h6 14. Nh3 Rb8 15. bxc5 dxc5 16. Nd5 Nxd5 17. Bxd5 Na5 18. Bxb7 Rxb7 19. d3 Qd7 20. Kg2 b5 21. cxb5 axb5 22. Qc1 Rc8 23. Qe3 Qd5+ 24. f3 b4 25. axb4 cxb4 26. Rfc1 Rbc7 27. Nf2 Nb3 28. Rc4 Rxc4 29. dxc4 Qxc4 30. Bxe5 Re8 31. Qxb3 Qxb3 32. Rxb3 Rxe5 33. e4 Bf8 34. Nd3 Ra5 35. Rb2 h5 36. Nxb4 Bxb4 37. Rxb4 Ra2+ 38. Kh3 Rf2 39. Rb3 Kg7 40. e5 g5 41. Re3 1/2-1/2

[Event "34th European Club Cup 2018"]
[Site "Halkidiki"]
[Date "2018.10.15"]
[Round "4"]
[White "Papadopoulos, Argirios"]
[Black "Dionisi, Thomas"]
[Result "0-1"]
[WhiteElo "2213"]
[BlackElo "2398"]
[Annotator "NA"]
[PlyCount "84"]
[EventDate "2018.10.12"]
[EventType "team-tourn"]
[EventCountry "GRE"]
[SourceTitle "playchess.com"]
[Source "ChessBase"]
[SourceQuality "1"]
[WhiteTeam "Chania CA"]
[BlackTeam "Bois-Colombes"]

1. e4 e5 2. Nf3 Nc6 3. Bb5 Nge7 4. c3 a6 5. Ba4 g6 6. O-O Bg7 7. d4 b5 8. Bb3 exd4 9. cxd4 O-O 10. d5 Na5 11. Bd2 c5 12. Bc3 d6 13. Bxg7 Kxg7 14. Nc3 Ng8 15. Nd2 Re8 16. Re1 Nf6 17. Bc2 Bd7 18. f4 b4 19. Ne2 Qb6 20. h3 Rac8 21. Ng3 c4+ 22. Kh2 c3 23. bxc3 Rxc3 24. Nf3 Nc4 25. e5 Nxd5 26. Qxd5 Rxc2 27. exd6 Ne3 28. Nh5+ Kf8 29. Rxe3 Rxe3 30. Ng5 Rxh3+ 31. Nxh3 Bc6 32. Nf6 Bxd5 33. Nd7+ Ke8 34. Nxb6 Rxg2+ 35. Kh1 Bc6 36. Rf1 Rxa2+ 37. Kg1 Rg2+ 38. Kh1 b3 39. d7+ Kd8 40. f5 Rf2+ 41. Kg1 Rxf1+ 42. Kxf1 b2 0-1

[Event "34th European Club Cup 2018"]
[Site "Halkidiki"]
[Date "2018.10.15"]
[Round "4"]
[White "Bednarich, Jan"]
[Black "Petursson, Margeir"]
[Result "1/2-1/2"]
[WhiteElo "2200"]
[BlackElo "2486"]
[Annotator "TA"]
[PlyCount "95"]
[EventDate "2018.10.12"]
[EventType "team-tourn"]
[EventCountry "GRE"]
[SourceTitle "playchess.com"]
[Source "ChessBase"]
[SourceQuality "1"]
[WhiteTeam "Bonnevoie"]
[BlackTeam "Reykjavik"]

1. d4 Nf6 2. Nc3 d5 3. Bf4 g6 4. e3 Bg7 5. h4 O-O 6. h5 Nxh5 7. Rxh5 gxh5 8. Qxh5 c6 9. Bd3 f5 10. Nf3 Nd7 11. O-O-O Nf6 12. Qh4 Ng4 13. Rh1 h6 14. Qg3 Qe8 15. Bxh6 Nxh6 16. Rxh6 Rf6 17. Rh4 Rg6 18. Qh2 Qf8 19. Ne5 Bxe5 20. Qxe5 Qf6 21. Qh2 Bd7 22. Ne2 Rg5 23. Nf4 Qg7 24. Nh5 Rxg2 25. Nxg7 Rxh2 26. Rxh2 Kxg7 27. f4 b6 28. Kd2 c5 29. c3 e6 30. Bc2 a5 31. a3 Be8 32. Bd1 Rc8 33. Rg2+ Kf8 34. Rh2 Bf7 35. Ba4 Rc7 36. Bb5 Bg8 37. Ke1 cxd4 38. exd4 Rg7 39. Kf2 Rg4 40. Kf3 Rg1 41. Ke3 Rb1 42. Kf3 Bf7 43. Ke3 Ke7 44. Kd3 Re1 45. Kd2 Rb1 46. Kd3 Rg1 47. Ke3 Rb1 48. Kd3 1/2-1/2

[Event "34th European Club Cup 2018"]
[Site "Halkidiki"]
[Date "2018.10.15"]
[Round "4"]
[White "Juegel, Marcel"]
[Black "Lie, Kjetil A."]
[Result "0-1"]
[WhiteElo "2187"]
[BlackElo "2537"]
[Annotator "TA"]
[PlyCount "86"]
[EventDate "2018.10.12"]
[EventType "team-tourn"]
[EventCountry "GRE"]
[SourceTitle "playchess.com"]
[Source "ChessBase"]
[SourceQuality "1"]
[WhiteTeam "Aachen"]
[BlackTeam "Valerenga"]

1. d4 Nf6 2. Nc3 d5 3. Bf4 e6 4. e3 Bb4 5. Bd3 c5 6. f3 Nc6 7. a3 Ba5 8. Bb5 O-O 9. Nge2 cxd4 10. exd4 Bd7 11. Bg5 Rc8 12. Bd3 Re8 13. f4 h6 14. Bh4 a6 15. h3 Bb6 16. Bf2 Ne7 17. g4 Bc6 18. Ng3 Qc7 19. Qf3 Ne4 20. O-O Nd2 21. Qe3 Nxf1 22. Rxf1 Ng6 23. Bxg6 fxg6 24. Nge2 Qd7 25. Nc1 Bb5 26. Nd3 Bxd3 27. Qxd3 Qc7 28. Qe3 Ba5 29. Be1 Bxc3 30. Bxc3 Qf7 31. Qd3 Rc6 32. Bd2 Rec8 33. c3 Rf8 34. Qe2 Rb6 35. Bc1 g5 36. Qe5 Rc6 37. f5 Qc7 38. Be3 Qd7 39. h4 exf5 40. hxg5 f4 41. Rxf4 Re8 42. Qf5 Qxf5 43. Rxf5 Rxe3 0-1

[Event "34th European Club Cup 2018"]
[Site "Halkidiki"]
[Date "2018.10.15"]
[Round "4"]
[White "Uruci, Endrit"]
[Black "Boidman, Yuri"]
[Result "1-0"]
[WhiteElo "2177"]
[BlackElo "2358"]
[Annotator "TA"]
[PlyCount "103"]
[EventDate "2018.10.12"]
[EventType "team-tourn"]
[EventCountry "GRE"]
[SourceTitle "playchess.com"]
[Source "ChessBase"]
[SourceQuality "1"]
[WhiteTeam "Dardania"]
[BlackTeam "Wirtzfeld"]

1. e4 c5 2. Nf3 a6 3. c4 d6 4. d4 Bg4 5. dxc5 Bxf3 6. gxf3 dxc5 7. Qxd8+ Kxd8 8. Be3 e6 9. Nc3 Nf6 10. O-O-O+ Kc7 11. Bf4+ Kb6 12. Rd8 Ka7 13. e5 Nfd7 14. Be3 Nb6 15. Bxc5 N8d7 16. Rxa8+ Kxa8 17. Bd4 Be7 18. Rg1 g6 19. Be2 Rc8 20. b3 Nc5 21. Ne4 Nd5 22. Kd2 Nxe4+ 23. fxe4 Nb4 24. a3 Nc6 25. Bb2 Bc5 26. Ke1 Rd8 27. Rg3 Bd4 28. Bc1 Bxe5 29. f4 Bc7 30. Rd3 f5 31. e5 Rxd3 32. Bxd3 Nd4 33. b4 Nf3+ 34. Ke2 Nxh2 35. c5 h5 36. Bc4 h4 37. Bxe6 h3 38. Kf2 Ng4+ 39. Kg3 h2 40. Kg2 Bd8 41. Bf7 g5 42. e6 Ka7 43. Bg6 Nf2 44. Kxh2 Nd3 45. Bd2 Nxf4 46. Bxf5 b6 47. Bc3 bxc5 48. bxc5 Kb7 49. Be5 Kc6 50. Bd6 Nxe6 51. Bxe6 Bf6 52. Bf5 1-0

[Event "34th European Club Cup 2018"]
[Site "Halkidiki"]
[Date "2018.10.15"]
[Round "4"]
[White "Van Dommelen, Martin"]
[Black "Risting, Eivind Olav"]
[Result "0-1"]
[WhiteElo "2177"]
[BlackElo "2299"]
[Annotator "TA"]
[PlyCount "122"]
[EventDate "2018.10.12"]
[EventType "team-tourn"]
[EventCountry "GRE"]
[SourceTitle "playchess.com"]
[Source "ChessBase"]
[SourceQuality "1"]
[WhiteTeam "Apeldoorn"]
[BlackTeam "SK Oslo"]

1. e4 c5 2. Nf3 d6 3. c3 Nf6 4. Be2 g6 5. O-O Bg7 6. Re1 O-O 7. Bf1 Nc6 8. h3 e5 9. d3 Re8 10. Nbd2 d5 11. exd5 Nxd5 12. Ne4 b6 13. Bg5 f6 14. Bc1 f5 15. Ng3 h6 16. Qa4 Bd7 17. Qc2 Be6 18. a3 Rc8 19. b3 Nxc3 20. Bxh6 Bxh6 21. Qxc3 Bg7 22. Qc1 Bxb3 23. Rb1 Bd5 24. Nd2 Nd4 25. Nc4 b5 26. Nd2 Bh6 27. Qb2 Qa5 28. Rbd1 Qa4 29. Nb1 Qb3 30. Rd2 b4 31. Ne2 Bxd2 32. Qxd2 Bf7 33. axb4 cxb4 34. Qg5 Qd5 35. Ng3 Qd8 36. Qh6 Re6 37. Rc1 Rxc1 38. Qxc1 Rc6 39. Qe1 Qd6 40. Nd2 a5 41. Nc4 Bxc4 42. dxc4 Rc5 43. h4 b3 44. Qc1 Qf6 45. h5 g5 46. Qa3 Qe7 47. f3 Rc7 48. Qxa5 Qc5 49. Qxc5 Rxc5 50. Bd3 b2 51. Nf1 Kg7 52. Nd2 Ra5 53. Kf2 f4 54. g4 fxg3+ 55. Kxg3 Ra3 56. Be4 Rc3 57. Kf2 Kh6 58. Bg6 Nb3 59. Nb1 Rxc4 60. Ke3 Rc1 61. Na3 Rc3+ 0-1

[Event "34th European Club Cup 2018"]
[Site "Halkidiki"]
[Date "2018.10.15"]
[Round "4"]
[White "Jakubiec, Edyta"]
[Black "Jashari, Ardian"]
[Result "1-0"]
[WhiteElo "2174"]
[BlackElo "2113"]
[Annotator "TA"]
[PlyCount "193"]
[EventDate "2018.10.12"]
[EventType "team-tourn"]
[EventCountry "GRE"]
[SourceTitle "playchess.com"]
[Source "ChessBase"]
[SourceQuality "1"]
[WhiteTeam "Wirtzfeld"]
[BlackTeam "Dardania"]

1. e4 e5 2. Nf3 Nc6 3. Bc4 Bc5 4. O-O Nf6 5. d3 O-O 6. Bb3 d6 7. c3 Bb6 8. Nbd2 Be6 9. Nc4 Bxc4 10. Bxc4 Na5 11. Bb5 h6 12. Ba4 Nc6 13. Qe2 Ne7 14. Nh4 Qc8 15. Bb3 Qg4 16. Qxg4 Nxg4 17. a4 a6 18. h3 Nf6 19. Be3 Ba7 20. Bxa7 Rxa7 21. f4 c6 22. fxe5 dxe5 23. Rf3 b6 24. Bc4 Rb8 25. g3 b5 26. axb5 cxb5 27. Bb3 a5 28. Nf5 a4 29. Nxh6+ Kf8 30. Nf5 Rba8 31. Bc2 a3 32. b3 Rc7 33. c4 Nc6 34. Rf2 Nb4 35. Ne3 a2 36. cxb5 Rb8 37. Bd1 Rxb5 38. Nc2 Nxd3 39. Rf3 Rxb3 40. Rxa2 Rb1 41. Rxd3 Nxe4 42. Ne3 g6 43. Kg2 Kg7 44. Rc2 Ra7 45. Bf3 Ng5 46. Be2 Raa1 47. Rd1 Rxd1 48. Nxd1 Ne6 49. Rd2 Nd4 50. Bc4 Rc1 51. Bd5 Rc5 52. Ba2 f5 53. Ne3 g5 54. Bb1 f4 55. gxf4 gxf4 56. Ng4 Rc3 57. Rd3 Rxd3 58. Bxd3 Kf7 59. Nxe5+ Kf6 60. Ng4+ Kg5 61. Be4 Kh4 62. Nf2 Kg5 63. Nd3 Ne2 64. Bf3 Nd4 65. Bg4 Nc6 66. Kf3 Nd8 67. Nxf4 Nf7 68. Ng2 Ne5+ 69. Kg3 Ng6 70. h4+ Nxh4 71. Nxh4 Kf6 72. Kf4 Ke7 73. Ke5 Kf7 74. Nf3 Ke7 75. Be6 Kd8 76. Kd6 Ke8 77. Ne5 Kf8 78. Ng4 Kg7 79. Bf5 Kf7 80. Kd7 Kf8 81. Ke6 Ke8 82. Ne5 Kf8 83. Kf6 Ke8 84. Nf7 Kf8 85. Bh7 Ke8 86. Ne5 Kd8 87. Ke6 Kc7 88. Nd7 Kd8 89. Kd6 Ke8 90. Bg6+ Kd8 91. Nc5 Kc8 92. Bh5 Kd8 93. Nb7+ Kc8 94. Kc6 Kb8 95. Bg4 Ka7 96. Nc5 Kb8 97. Kb6 1-0

[Event "34th European Club Cup 2018"]
[Site "Halkidiki"]
[Date "2018.10.15"]
[Round "4"]
[White "Duijn, Rob"]
[Black "Janjic, Mirko"]
[Result "1-0"]
[WhiteElo "2169"]
[BlackElo "2247"]
[Annotator "TA"]
[PlyCount "107"]
[EventDate "2018.10.12"]
[EventType "team-tourn"]
[EventCountry "GRE"]
[SourceTitle "playchess.com"]
[Source "ChessBase"]
[SourceQuality "1"]
[WhiteTeam "Deloitte"]
[BlackTeam "Sloven Ruma"]

1. d4 d5 2. Nf3 Nf6 3. Bg5 e6 4. e3 Be7 5. Nbd2 h6 6. Bh4 O-O 7. Bd3 b6 8. Ne5 Bb7 9. O-O Nbd7 10. f4 Ne4 11. Bxe7 Qxe7 12. Nxd7 Qxd7 13. Nf3 c5 14. c3 a5 15. Ne5 Qc7 16. Bxe4 dxe4 17. Qg4 cxd4 18. exd4 Rfe8 19. f5 exf5 20. Qxf5 f6 21. Ng4 Qf7 22. Ne3 Qe6 23. Qg6 Qf7 24. Qg3 Bc8 25. d5 Rd8 26. Rad1 Ra7 27. Rd4 Re7 28. Qb8 Rb7 29. Qf4 Re7 30. Rxe4 Rde8 31. Rxe7 Qxe7 32. Rf3 Qc5 33. Qc4 Qd6 34. Qd4 b5 35. h3 Re5 36. b3 f5 37. c4 Re4 38. Qd2 Qc5 39. Qf2 bxc4 40. bxc4 f4 41. Nf1 Qxf2+ 42. Rxf2 Rxc4 43. Rd2 Kf7 44. Nh2 a4 45. Nf3 Ke7 46. Ne5 Rc1+ 47. Kf2 Kd6 48. Nf7+ Ke7 49. Ne5 Bf5 50. d6+ Kd8 51. d7 Be6 52. Rd6 Bxa2 53. Rb6 Kc7 54. Rb7+ 1-0

[Event "34th European Club Cup 2018"]
[Site "Halkidiki"]
[Date "2018.10.15"]
[Round "4"]
[White "Ledger, Dave J"]
[Black "Willis, Rupert"]
[Result "1-0"]
[WhiteElo "2168"]
[BlackElo "2131"]
[Annotator "NA"]
[PlyCount "75"]
[EventDate "2018.10.12"]
[EventType "team-tourn"]
[EventCountry "GRE"]
[SourceTitle "playchess.com"]
[Source "ChessBase"]
[SourceQuality "1"]
[WhiteTeam "Blackthorne"]
[BlackTeam "Grantham"]

1. e4 e6 2. d4 d5 3. Nc3 Nc6 4. Nf3 Nf6 5. Bd3 Bb4 6. O-O Bxc3 7. exd5 Bxd4 8. dxc6 Bb6 9. a4 bxc6 10. Qe2 a5 11. b3 Bc5 12. Bb2 Bd6 13. Ne5 Bb7 14. Rad1 O-O 15. Qf3 Qe8 16. Rfe1 Rb8 17. Nc4 Qe7 18. Nxa5 Ba8 19. Nxc6 Bxc6 20. Qxc6 Nd5 21. Be4 Rb6 22. Qc4 Rb4 23. Qd3 Nf4 24. Qf3 f5 25. Bc6 Qg5 26. Bc3 Nxg2 27. Qxg2 Rg4 28. Rxe6 Rxg2+ 29. Bxg2 Qh5 30. Rd3 Qxh2+ 31. Kf1 Qf4 32. Rg3 Rf7 33. Re8+ Bf8 34. Bd5 g6 35. Rge3 Qd6 36. Rd3 Qd7 37. Bxf7+ Qxf7 38. Rdd8 1-0

[Event "34th European Club Cup 2018"]
[Site "Halkidiki"]
[Date "2018.10.15"]
[Round "4"]
[White "Rasmussen, Henning"]
[Black "Otero Martinez, Daniel"]
[Result "1/2-1/2"]
[WhiteElo "2165"]
[BlackElo "2167"]
[Annotator "TA"]
[PlyCount "113"]
[EventDate "2018.10.12"]
[EventType "team-tourn"]
[EventCountry "GRE"]
[SourceTitle "playchess.com"]
[Source "ChessBase"]
[SourceQuality "1"]
[WhiteTeam "Jetsmark"]
[BlackTeam "Dublin"]

1. d4 d5 2. c4 c6 3. Nf3 Nf6 4. g3 dxc4 5. Bg2 Bf5 6. O-O e6 7. Re1 Nbd7 8. Nc3 Bb4 9. Nh4 Qa5 10. Nxf5 exf5 11. Qc2 O-O 12. a3 Ne4 13. Be3 Bxc3 14. bxc3 Ndf6 15. Rec1 Rfe8 16. Bd2 Nxd2 17. Qxd2 Ne4 18. Qc2 Re7 19. e3 Rd8 20. a4 g6 21. Rab1 a6 22. g4 Nd6 23. g5 Rc8 24. h4 Kg7 25. Re1 Ne4 26. Rbc1 b5 27. f3 Nd6 28. e4 bxa4 29. e5 Nb5 30. Bf1 Rb8 31. Qa2 Nxc3 32. Qd2 Rb3 33. Bxc4 Reb7 34. Bxb3 Rxb3 35. e6 fxe6 36. Rxe6 Qd5 37. Re7+ Kf8 38. Rce1 Ne4 39. fxe4 Rg3+ 40. Kh2 Qb3 41. exf5 Rh3+ 42. Kg1 Rg3+ 43. Kf1 Rf3+ 44. Qf2 Rxf2+ 45. Kxf2 Qb2+ 46. Kf1 gxf5 47. h5 Qb5+ 48. Kg1 Qb4 49. Re8+ Kf7 50. g6+ hxg6 51. h6 Qxd4+ 52. R1e3 Qg4+ 53. Kh2 Qf4+ 54. Kg2 Qxh6 55. R8e7+ Kf6 56. R7e6+ Kf7 57. Re7+ 1/2-1/2

[Event "34th European Club Cup 2018"]
[Site "Halkidiki"]
[Date "2018.10.15"]
[Round "4"]
[White "Michalczak, Thomas"]
[Black "Willow, Jonah B"]
[Result "1-0"]
[WhiteElo "2160"]
[BlackElo "2271"]
[Annotator "TA"]
[PlyCount "79"]
[EventDate "2018.10.12"]
[EventType "team-tourn"]
[EventCountry "GRE"]
[SourceTitle "playchess.com"]
[Source "ChessBase"]
[SourceQuality "1"]
[WhiteTeam "Solingen"]
[BlackTeam "Wood Green"]

1. e4 c5 2. Nf3 e6 3. d4 cxd4 4. Nxd4 Nc6 5. Nc3 Qc7 6. Be3 Nf6 7. f4 Bb4 8. Ndb5 Qa5 9. e5 Ne4 10. Qd3 Nxc3 11. bxc3 Be7 12. g3 O-O 13. Bg2 f6 14. exf6 Bxf6 15. O-O b6 16. Rab1 Rd8 17. Rb3 Ba6 18. c4 d5 19. Ra3 Qb4 20. c3 Bxc3 21. Qxc3 Qxc3 22. Rxc3 Rac8 23. Rd1 Na5 24. Nxa7 Rxc4 25. Bxb6 Rxc3 26. Bxa5 Rdc8 27. Nxc8 Rxc8 28. f5 Rc5 29. Bb4 Rb5 30. a3 Kf7 31. Bf1 Rb6 32. Bxa6 Rxa6 33. fxe6+ Kxe6 34. Kf2 Ke5 35. Ke3 Rh6 36. Rd2 d4+ 37. Kd3 Rf6 38. Bc5 Rf3+ 39. Kc4 Rc3+ 40. Kb4 1-0